| 000 | 00691nam a2200229 a 4500 | ||
|---|---|---|---|
| 999 |
_c5335 _d5335 |
||
| 001 | 5335 | ||
| 003 | BD-JhCC | ||
| 005 | 20171213085819.0 | ||
| 008 | 171212s1992 ii a|||| || | 001 0 eng d | ||
| 035 | _a(BD-JhCC)5335 | ||
| 040 |
_aBD-JhCC _dBD-JhCC |
||
| 041 | _aeng | ||
| 082 |
_a725.4091724 _bAHM 1992 |
||
| 100 | _aAhmed, Dr Nizamuddin | ||
| 245 |
_aIndustrial Architecture for Devoloping Countries / _cDr Nizamuddin Ahmed, |
||
| 260 |
_aDelhi : _bVikas Publishing House Pvt Ltd, _c1992. |
||
| 300 |
_a580 p. : _bill. ; _c21 cm. |
||
| 504 | _aIncludes Index and bibliography | ||
| 650 |
_aDeveloping Countries _vIndustrial buildings _zBangladesh |
||
| 942 |
_2ddc _cBK |
||